| 000 | 00572nam a2200205Ia 4500 | ||
|---|---|---|---|
| 041 | _aeng | ||
| 082 |
_a923.254 _bGAN/KUL |
||
| 100 | _aKulkarni, V B | ||
| 245 | 4 | _aThe Indian Triumvirate : A Political Biography of Mahatma Gandhi, Sardar Patel and Pandit Nehru | |
| 250 | _a1st ed. | ||
| 260 |
_aMumbai _bBharatiya Vidya Bhavan _c1969 |
||
| 300 | _a728 p. | ||
| 500 | _aIndex | ||
| 600 | _aGandhi, Mahatma | ||
| 650 | _aBiographies - Persons in Politics | ||
| 650 | _aBiographies | ||
| 651 | _aIndia | ||
| 942 | _cBK | ||
| 008 | 190315s9999||||xx |||||||||||||| ||und|| | ||
| 999 |
_c2506 _d2506 |
||